| 000 | 00777cam a2200145 4500500 | ||
|---|---|---|---|
| 005 | 20260208005740.0 | ||
| 041 | _afre | ||
| 042 | _adc | ||
| 100 | 1 | 0 |
_aRonzeaud, Pierre _eauthor |
| 245 | 0 | 0 | _aCyrano de Bergerac, Œuvres Complètes II, Lettres, Entretiens pointus, Mazarinades. Édition critique de LUCIANO ERBA, pour les Lettres et les Entretiens pointus, et de HUBERT CARRIER, pour les Mazarinades. Paris, Honoré Champion, 2001, coll. « Sources classiques » n° 34. Un vol. 14 × 22,5 de 502 p. |
| 260 | _c2003. | ||
| 500 | _a5 | ||
| 786 | 0 | _nRevue d'histoire littéraire de la France | 103 | 3 | 2003-08-01 | p. 707h-754h | 0035-2411 | |
| 856 | 4 | 1 | _uhttps://shs.cairn.info/revue-d-histoire-litteraire-de-la-france-2003-3-page-707h?lang=fr&redirect-ssocas=7080 |
| 999 |
_c1653555 _d1653556 |
||